[Bloc de notes en blanc en una funda de plàstic] [Objecte]
Descripción Física:
11 x 8 cm
MARC
| LEADER | 00000nam a2200000Ia 4500 | ||
|---|---|---|---|
| 001 | 20746 | ||
| 008 | 160829s2008 xx 000 0 cat d | ||
| 080 | |a NBM-1-19 | ||
| 245 | |a [Bloc de notes en blanc en una funda de plàstic] [Objecte] | ||
| 260 | |a Barcelona : |b Diputació de Barcelona, |c 2008 | ||
| 300 | |a 11 x 8 cm | ||
| 590 | |a Inclou un bolígraf. | ||
| 710 | 1 | |a Barcelona (Catalunya : Província). |b Diputació |9 52408 | |
| 901 | |a Arxiu | ||
| 942 | |n 1 | ||
| 952 | |0 0 |1 0 |4 0 |6 NBM119 |7 1 |9 48325 |a Arxiu |b Arxiu |d 2016-12-01 |l 0 |o NBM-1-19 |p 20746 |r 2016-12-01 00:00:00 |w 2016-12-01 |y ARXIU | ||
| 999 | |c 52131 |d 52131 | ||